000
00275nam a2200109Ia 4500
008
200302s9999 xx 000 0 und d
100
_a
David Dunster
245
_a
Alvar Aalto Architectural Monographs 4
260
_b
United States of America
260
_c
1978
300
_a
126 P.,
999
_c
767
_d
767